| 000 | 00810nam a2200253 a 4500 | ||
|---|---|---|---|
| 001 | 3000220 | ||
| 003 | OSt | ||
| 005 | 20140310182038.0 | ||
| 008 | 931223s1993 flu 000 0 eng | ||
| 010 | _a 93091567 | ||
| 020 | _a096331761X | ||
| 040 |
_aDLC _cDLC |
||
| 050 | 0 | 0 |
_aBT 800 _b.1236 1993 |
| 082 | 0 | 0 |
_aHS 243 _bB46 1993 |
| 100 | 1 |
_aBevere, John. _910874 |
|
| 245 | 1 | 4 |
_aThe voice of one crying : _ba prophetic message for today! / _cJohn Bevere ; foreword by Norvel Hayes. |
| 260 |
_aApopka, Fla. : _bJ. Bevere, _cc1993. |
||
| 300 |
_a135 p. ; _c22 cm. |
||
| 650 | 0 |
_aRepentance _xChristianity. _910875 |
|
| 906 |
_a7 _bcbc _corignew _d3 _eopcn _f19 _gy-gencatlg |
||
| 942 |
_2lcc _cHS |
||
| 999 |
_c8723 _d8723 |
||